That's My Dad Quiz Stats

 Plays Quiz Updated Jun 16, 2019

Score 0/24 Timer 05:00
12 Plays Today
Question Answer Wrong Answers
Colin Hanks Tom Hanks
97.5%
Jerry Stiller
0.4%
Donald Sutherland
0.4%
Martin Sheen
0.7%
Charlie Sheen Martin Sheen
95.5%
Tom Hanks
0.9%
Jerry Stiller
0.7%
Donald Sutherland
2.3%
Kiefer Sutherland Donald Sutherland
93.3%
Tom Hanks
4.2%
Jerry Stiller
0.4%
Martin Sheen
1.3%
Ben Stiller Jerry Stiller
92.4%
Tom Hanks
0.9%
Donald Sutherland
2.6%
Martin Sheen
3.7%
Emilio Estevez Martin Sheen
92.3%
Lloyd Bridges
1.2%
James Brolin
1.2%
Alan Thicke
1.2%
Michael Douglas Kirk Douglas
92.2%
Henry Fonda
1.9%
Carl Reiner
1.4%
John Carradine
2.2%
Angelina Jolie Jon Voight
89.6%
Ron Howard
0.4%
Don Johnson
1.8%
Paul Sorvino
2.8%
Jane Fonda Henry Fonda
87%
Eddie Fisher
2%
Tony Curtis
3.2%
Bruce Dern
2.7%
Robin Thicke Alan Thicke
86.3%
Lloyd Bridges
2.1%
James Brolin
6.3%
Martin Sheen
1.4%
Jeff Bridges Lloyd Bridges
86%
James Brolin
4.7%
Alan Thicke
0.9%
Martin Sheen
4.3%
Keith Carradine John Carradine
85.3%
Henry Fonda
6.3%
Carl Reiner
3.4%
Kirk Douglas
1.3%
Miley Cyrus Billy Ray Cyrus
84.5%
Christopher Plummer
3.1%
Peter Fonda
3.4%
Keith Carradine
3.5%
Bryce Dallas Howard Ron Howard
84.1%
Jon Voight
8.9%
Don Johnson
0.8%
Paul Sorvino
0.7%
Josh Brolin James Brolin
83.2%
Lloyd Bridges
8.4%
Alan Thicke
2%
Martin Sheen
2.5%
Bridget Fonda Peter Fonda
81.9%
Christopher Plummer
7.3%
Billy Ray Cyrus
1.5%
Keith Carradine
3.1%
Carrie Fisher Eddie Fisher
74.8%
Henry Fonda
15.3%
Tony Curtis
3.7%
Bruce Dern
1.3%
Rob Reiner Carl Reiner
71.1%
Henry Fonda
9.8%
John Carradine
15.2%
Kirk Douglas
0.6%
Peter Fonda Henry Fonda
69.4%
Carl Reiner
1.2%
John Carradine
24.7%
Kirk Douglas
1.1%
Jamie Lee Curtis Tony Curtis
69%
Henry Fonda
10.3%
Eddie Fisher
15.1%
Bruce Dern
0.8%
Dakota Johnson Don Johnson
65.4%
Ron Howard
16.9%
Jon Voight
7.3%
Paul Sorvino
5.1%
Laura Dern Bruce Dern
64.9%
Henry Fonda
6.4%
Eddie Fisher
15.7%
Tony Curtis
8.2%
Martha Plimpton Keith Carradine
56.3%
Christopher Plummer
8.7%
Billy Ray Cyrus
1.1%
Peter Fonda
27.9%
Amanda Plummer Christopher Plummer
48.9%
Billy Ray Cyrus
1%
Peter Fonda
21.2%
Keith Carradine
22.9%
Mira Sorvino Paul Sorvino
48.5%
Ron Howard
13.1%
Jon Voight
31.3%
Don Johnson
1.6%

You're not logged in!

Compare scores with friends on all Sporcle quizzes.
OR
Log In

Sporcle TV

Today on Sporcle TV


Watch our educational content, quiz creation guides, and fun videos on Sporcle TV.

Show Comments

Extras

Top Quizzes Today


Score Distribution

Your Account Isn't Verified!

In order to create a playlist on Sporcle, you need to verify the email address you used during registration. Go to your Sporcle Settings to finish the process.

Report this User

Report this user for behavior that violates our Community Guidelines.

Details: